000 00755nam a2200229Ii 4500
003 JO-AjNU
008 230605s9999||||xx |||||||||||||| ||und||
017 _a1988/4271
020 _a977-02-2514-2
040 _aJO-AjNU
_bara
_erda
_cJO-AjNU
041 _aara
050 1 4 _aPJ6101.I276 1982
100 3 _aتاليف القرطبي، ابن مضاء؛تحقيق شوقي ضيف,
_eauthor
_940203
245 0 0 _aكتاب الرد على النحاة
250 _aط3
264 3 1 _aالقاهرة: دار المعارف، 1988
300 _a149ص
336 _atext
_btxt
_2rdacontent
337 _aunmediated
_bn
_2rdamedia
338 _avolume
_bnc
_2rdacarrier
650 4 _aاللغة العربية-النحو-الرد على النحاة
_940204
999 _aA17041
_c20609
_d20609